zpět

Detail výsledku týmu

Expedice, Šternberk

Datum a čas kvízu

17.5 Celkem bodů Celkový počet nahraných bodů na tomto kvízu bez doplňovacích otázek.
8. Pořadí na kvízu Konečné umístění týmu na tomto kvízu.

Zaznamenané odpovědi

# Otázka Odpověď Body Výsledky
1. Předvolební superdebatu v Česk... Matylda 0
2. Tisíce lidí se v neděli v podv... V Polsku. 0
3. Na výstavě EXPO v Dubaji byla... David, Michelangelo (Buonarotti) 0
4. Společnost Blue Origin Jeffa B... James T. Kirk 1
5. Jak se jmenuje tenistka, která... Karolína Plíšková 1
-14. Po Středočeském kraji nás v da... Opyš 0
-13. Nejnavštěvovanější událostí v... Signal Festival 0
-12. Místem, které rozhodně stojí z... Moja 0
-11. Kterou z následujících soch ne... D 1
-10. Seřaďte následující zahraniční... 1A 2C 3D 4B 0